Teachers and texts : a politcal economy of class and gender relations in education

Αποθηκεύτηκε σε:
Λεπτομέρειες βιβλιογραφικής εγγραφής
Κύριος συγγραφέας: Apple, Michael W.
Μορφή: Βιβλίο
Γλώσσα:English
Δημοσίευση: New York : Routledge, 1988
Θέματα:
Ετικέτες: Προσθήκη ετικέτας
Δεν υπάρχουν, Καταχωρήστε ετικέτα πρώτοι!

MARC

LEADER 00000nam a2200000 i 4500
001 1/95027
008 991202s1988 eng d
020 |a 0-415-90074-3 
035 |l 10055109 
040 |a GR-MY-UA  |b gre  |e aacr 
041 0 |a eng 
082 0 |a 370.190973 
100 1 |a Apple, Michael W. 
245 1 0 |a Teachers and texts :  |b a politcal economy of class and gender relations in education /  |c Michael W. Apple 
260 |a New York :   |b Routledge,   |c 1988 
300 |a 259 p. 
650 0 0 |a Education  |x Social aspects  |z United States. 
650 0 0 |a Discrimination in education  |z United States. 
650 0 0 |a Women teachers  |z United States  |x History. 
650 0 0 |a Textbooks  |x Publication and distribution  |x Social aspects  |z United States. 
650 0 0 |a Computer-assisted instruction  |x Social aspects  |z United States. 
650 0 0 |a Social structure  |z United States. 
852 |a INST  |b RHODES  |e 19991202  |h 370.190973 APP  |p 005400012053  |q 005400012053  |t BK  |y 0 
901 |a BIBL4-1999-3 
909 |a Ρ  |b 068214 
922 |a 4ΕΛΗ  |b 199909  |c ΚΠΣ/154  |d GLORY BOOKS 
970 |a ΚΟΥΛΑΚΙΟΤΗ  |b ΛΙΤΣΑ  |z 1999/12/02